| 000 | 00674nam a2200205 a 4500 | ||
|---|---|---|---|
| 001 | BRCA_2283 | ||
| 005 | 20190320203737.0 | ||
| 008 | 130608s2006----mx-a---###---#000-0#spa-# | ||
| 020 | _a9687193247 | ||
| 050 | 4 |
_aBX3212.A1 _b.M57 2006 |
|
| 245 | 1 | 0 |
_aLa misión _cdirección editorial Elena Horz de Sotomayor ; fotografia Jorge Vértiz. |
| 260 |
_aMéxico _bSmurfit Cartón y Papel de México _c[2006] |
||
| 300 |
_a239 p. _bil. a color _c33 cm. |
||
| 500 | _aIncluye índice de ilustraciones | ||
| 504 | _aBibliografía : p. 231-233 | ||
| 650 | 1 | 4 |
_aOrdenes religiosas _96840 |
| 700 | 1 |
_aHorz de Sotomayor, Elena _93367 |
|
| 700 | 1 |
_aVértiz, Jorge _96841 |
|
| 942 |
_2lcc _cB |
||
| 999 |
_c2029 _d2029 |
||